| 000 | 00498cam a2200181 a 4500 | ||
|---|---|---|---|
| 001 | sa 66002899 | ||
| 003 | DLC | ||
| 005 | 20260227112232.0 | ||
| 008 | 831122s1958 ii 000 1 hino | ||
| 010 | _asa 66002899 | ||
| 040 |
_aDLC _cDLC |
||
| 050 | 0 | 0 |
_aPK2098.P328 _bJ87 1958 |
| 100 | 1 | _aParasāī, Hariśaṅkara. | |
| 245 | 1 | 0 |
_aJvālā aura jala / _cHariśaṅkara Parasāī. |
| 260 |
_aKalakattā : _bBhāratī Pustaka Mandira, _c1958. |
||
| 300 |
_a82 p. ; _c19 cm. |
||
| 546 | _aIn Hindi. | ||
| 999 |
_c68603 _d68603 |
||